God of War Ragnarok Characters by Bad Description - Statistics

General Stats
  • This quiz has been taken 1,821 times
  • The average score is 13 of 25
Answer Stats
Hint Answer % Correct
RAGE RAGE RAGE Kratos
99%
Fat Man Thor
91%
HEAD Mimir
89%
One-eyed bird man Odin
89%
Furry Atreus/Loki
85%
Guy that looks like he's part of the blue man group Brok
81%
Repeats the phrase "We need to kill Odin" roughly 1,000 times throughout the course of the game Freya
77%
Dead wife Faye
74%
The one that you desperately want to kill towards the end of the game for being a piece of shit Sindri
63%
snake Jormungandr
58%
Let's be real, we all could not wait for the moment where Kratos killed him Heimdall
50%
BIG wolf's replacement Fenrir
48%
The god of being a giant pussy Tyr
41%
"Since you killed the world tree dragon, care to help clean up this mess with a bunch of fetch quests?" Ratatoskr
37%
BIG wolf Garm
36%
"My grandfather would never do that, you're delusional" Thrud
34%
If Mimir still had a dick, she would make it rock hard Sigrun
33%
"You aren't allowed to try and save your dad, its destiny!" (throws tantrum) Angrboda
31%
Had an orgy with the elves Freyr
31%
Emo Wolf Hati
30%
Sunny Wolf Skoll
29%
sword Ingrid
26%
"You want to stop the all-father? Here, have a fine instead" Durlin
23%
Would you bitches stop narrating my thoughts, FOR FIVE MINUTES! The Norns
21%
How many swords does one man need!? Surtr
9%
No matching quizzes found
Score Distribution
Percent of People with Each Score
Percentile by Number Answered
Your Score History
You have not taken this quiz